Città sopra o sotto il Tropico del Cancro? - Quiz n°2 - Statistics

Statistiche generali
  • Questo quiz è stato fatto 6 volte
  • Il punteggio medio è 8 su 10
Statistiche sulle risposte
Hint Risposta % Corretto
San Francisco Nord del Tropico del Cancro
100%
Pechino Nord del Tropico del Cancro
100%
Pristina Nord del Tropico del Cancro
100%
Gibuti Sud del Tropico del Cancro
100%
Baku Nord del Tropico del Cancro
83%
Freetown Sud del Tropico del Cancro
83%
Tunisi Nord del Tropico del Cancro
67%
Vientiane Sud del Tropico del Cancro
67%
Madinat al-Kuwait Nord del Tropico del Cancro
50%
San José Sud del Tropico del Cancro
33%
Nessun quiz corrispondente trovato
Distribuzione punteggi
Percentuale di utenti per punteggio
Percentile per numero di risposta
I tuoi punteggi nel tempo
Non hai fatto questo quiz